Hrozby v oblasti informačnej bezpečnosti a bezpečnostná politika podniku
Bezpečnostná politika informačných technológií v organizáciách pôsobiacich v SR. Strategické riešenia hrozieb podniku v oblasti bezpečnosti informačných technológií. Neautorizovaný prístup do informačného systému a úmyselné poškodzovanie. Informačná bezpečnosť a schopnosť zachovať mieru rizika.
Guardado en:
| Autor principal: | |
|---|---|
| Formato: | Capítulo de libro |
| Lenguaje: | eslovaco |
| Materias: | |
| Etiquetas: |
Sin Etiquetas, Sea el primero en etiquetar este registro!
|
MARC
| LEADER | 00000naa$a2200000$$$4500 | ||
|---|---|---|---|
| 001 | 0105566 | ||
| 005 | 20240502083250.9 | ||
| 041 | 0 | |a slo | |
| 044 | |a CZ | ||
| 245 | 1 | 0 | |a Hrozby v oblasti informačnej bezpečnosti a bezpečnostná politika podniku |c Benita Juriková |
| 520 | |a Bezpečnostná politika informačných technológií v organizáciách pôsobiacich v SR. Strategické riešenia hrozieb podniku v oblasti bezpečnosti informačných technológií. Neautorizovaný prístup do informačného systému a úmyselné poškodzovanie. Informačná bezpečnosť a schopnosť zachovať mieru rizika. | ||
| 610 | 2 | 0 | |a technológie informačné |
| 610 | 2 | 0 | |a komunikácia elektronická |
| 610 | 2 | 0 | |a ochrana informácií |
| 610 | 2 | 0 | |a technika výpočtová |
| 100 | 1 | |a Juriková, Benita, 1973- | |